| 000 | 00625nam a2200169 4500 | ||
|---|---|---|---|
| 001 | 113013 | ||
| 003 | ES-MaACL | ||
| 005 | 20230906185727.0 | ||
| 007 | t| | ||
| 008 | 061121s1965 sp r ||||1| spa d | ||
| 245 | 0 | 3 |
_aLa música en la corte de los Reyes Católicos _b: cancionero musical de palacio (siglos XV-XVI) / _cedición critica de los textos por José Romeu Figueras. |
| 260 |
_aBarcelona : _bInstituto Español de Musicoogía, _c1965. |
||
| 300 |
_a2 v. ; _c32 cm. |
||
| 700 | 1 |
_aRomeu i Figueras, Josep. _999462 |
|
| 710 | 2 |
_aInstituto Español de Musicología. _95046 |
|
| 852 |
_aES-MaACL _jC-29028-9 _bR.60479 |
||
| 999 |
_c113013 _d113013 |
||